Normal view MARC view

Entry Personal Name

Number of records used in: 2

001 - CONTROL NUMBER

  • control field: 57287

003 - CONTROL NUMBER IDENTIFIER

  • control field: dpl

005 - DATE AND TIME OF LATEST TRANSACTION

  • control field: 20230921142457.0

008 - FIXED-LENGTH DATA ELEMENTS

  • fixed length control field: 230921|| aca||aabn | a|a d

040 ## - CATALOGING SOURCE

  • Original cataloging agency: dpl
  • Transcribing agency: dpl

100 ## - HEADING--PERSONAL NAME

  • Personal name: علی منیر

670 ## - SOURCE DATA FOUND

  • Source citation: Work cat.: (dpl)145471: علی منیر , بھا ر کے د ا نشو ر و ن کے د ر میا ن - علیم صبا نو ید ی / , 2016

© Delhi Public Library
Hit Counter
free hit counter